Normal view
MARC view
- Torres González, Arancha
Entry Nombre Personal
001 - NUMERO DE CONTROL
- campo de control: 42500
003 - IDENTIFICADOR DE NUMERO DE CONTROL
- campo de control: UPN
005 - FECHA Y HORA DE LA ÜLTIMA TRANSACCIÓN
- campo de control: 20210219194620.0
008 - DATOS DE LONGITUD FIJA
- campo de control de longitud fija: nabaccnnaabn|||||||||| b |nc|||||d
035 ## - NUMERO DE CONTROL
- Número de control: UPN11000014607
040 ## - FUENTE DE CATALOGACIÓN
- Lenguaje de catalogación: SPA
- Agencia de transcripción: UPN
100 1# - ENCABEZAMIENTO - NOMBRE PERSONAL
- Nombre personal: Torres González, Arancha
670 ## - FUENTE EN LA QUE SE LOCALIZARON DATOS
- Cita de la fuente: T
- Información localizada: El futuro del mercado laboral
680 ## - NOTA PUBLICA DE ACCESO PÚBLICO
- Frase explicativa de la referencia: Psicóloga española, especializada en Psicología Industrial por la Universidad Autónoma de Madrid. Máster en Relaciones Internacionales
902 ## - CATALOGADOR
- Catalogador: MCM/020419
